| 000 | 00806nas a2200217 a 4500 | ||
|---|---|---|---|
| 003 | OSt | ||
| 005 | 20190813103844.0 | ||
| 007 | cb e | ||
| 008 | 030604c2018 esp r 00011 spa d | ||
| 022 | _a2519-5069 | ||
| 040 |
_cBMC _aBMC |
||
| 082 | _a028.7 | ||
| 100 | 1 |
_939381 _aSalinas de Alens, Doris Ruth |
|
| 245 | 1 | 0 |
_aDirectorio de investigadores científicos y proyectos de investigación en El Salvador 2018 _c[Doris Ruth Salinas de Alens, María Isabel Quintanilla, Sonia Montoya de Ledesma] |
| 260 |
_aSan Salvador, El Salvador _bObservatorio Nacional de Ciencia y Tecnología _c2018 |
||
| 300 |
_a134 p. _c28 cm |
||
| 650 | 0 |
_aObras de referencia _920778 |
|
| 700 | 1 |
_937161 _aQuintanilla, María Isabel |
|
| 700 | 1 |
_939382 _aMontoya de Ledesma, Sonia |
|
| 942 |
_2ddc _cPR _hprozim |
||
| 999 |
_c30807 _d30807 |
||